| 000 | 00000nas 2200000za 4500 |
| 001 | 9.500911 |
| 003 | CaOODSP |
| 005 | 20200622103146 |
| 007 | cr ||||||||||| |
| 008 | 150406d20022002snc x m o f0 b0fre|d |
| 040 | |aCaOODSP|bfre |
| 043 | |an-cn--- |
| 086 | 1 |aCP32-79F-IN |
| 130 | 0 |aÉtude (Commission sur l'avenir des soins de santé au Canada) |
| 245 | 10|aÉtude |h[ressource électronique]. |
| 260 | |a[Saskatoon] : |bCommission sur l'avenir des soins de santé au Canada, |c2002. |
| 310 | |aIrrégulier |
| 500 | |aPubl. aussi en anglais sous le titre : Discussion paper. |
| 691 | 07|aSanté|2gcpds |
| 710 | 2 |aCommission sur l'avenir des soins de santé au Canada. |
| 775 | 08|tDiscussion paper |w(CaOODSP)9.504497 |